Prediction of financial bubble collapse
Salvato in:
| Autore principale: | |
|---|---|
| Altri autori: | |
| Natura: | Capitolo di libro |
| Lingua: | inglese |
| Soggetti: | |
| Tags: |
Nessun Tag, puoi essere il primo ad aggiungerne!!
|
MARC
| LEADER | 00000naa$a2200000$$$4500 | ||
|---|---|---|---|
| 001 | 0195686 | ||
| 005 | 20240521094823.0 | ||
| 041 | 0 | |a eng | |
| 044 | |a ES | ||
| 245 | 1 | 0 | |a Prediction of financial bubble collapse |c Martin Alexy, Marek Káčer |
| 610 | 2 | 0 | |a bubliny finančné |
| 610 | 2 | 0 | |a pravdepodobnosť |
| 610 | 2 | 0 | |a správanie |
| 610 | 2 | 0 | |a rady časové |
| 100 | 1 | |a Alexy, Martin, 1976- | |
| 700 | 1 | |a Káčer, Marek, 1976- | |